Efektívne riadenie pohľadávok - výber a analýza obchodného partnera

Pohľadávky v prostredí funkčnej a efektívnej ekonomiky. Pozitíva a negatíva pohľadávok. Prístup k riadeniu pohľadávok. Postup pri riadení pohľadávok. Výber a analýza obchodného partnera. Zber informácií o odberateľoch. Bonita odberateľov. Rozdelenie odberateľov do bonitných skupín.

Saved in:
Bibliographic Details
Main Author: Klieštik, Tomáš
Other Authors: Cúg, Juraj
Format: Book Chapter
Language:Slovak
Subjects:
Tags: Add Tag
No Tags, Be the first to tag this record!

MARC

LEADER 00000naa a2200000 4500
001 0122639
005 20231103072451.0
041 0 |a slo 
044 |a SK 
245 1 0 |a Efektívne riadenie pohľadávok - výber a analýza obchodného partnera  |c Tomáš Klieštik, Juraj Cúg 
520 |a Pohľadávky v prostredí funkčnej a efektívnej ekonomiky. Pozitíva a negatíva pohľadávok. Prístup k riadeniu pohľadávok. Postup pri riadení pohľadávok. Výber a analýza obchodného partnera. Zber informácií o odberateľoch. Bonita odberateľov. Rozdelenie odberateľov do bonitných skupín. 
610 2 0 |a pohľadávky 
610 2 0 |a manažment 
610 2 0 |a riadenie 
610 2 0 |a odberatelia 
610 2 0 |a dlžníci 
610 2 0 |a bonita 
610 2 0 |a analýzy 
610 2 0 |a partneri obchodní 
610 2 0 |a dodávatelia 
100 1 |a Klieštik, Tomáš 
700 1 |a Cúg, Juraj